000
00307nam a2200121Ia 4500
008
241015s9999 xx 000 0 und d
041
_a
eng
082
_a
338.502 REE
100
_a
Hudson Rees
245
_a
Managerial Economics
260
_b
Larsen And Keller Education
_a
USA
_c
2019
300
_a
270;. P. 27 cm
999
_c
41563
_d
41563